00977nam a2200241Ia 4500003000400000005001700004008004100021020001800062040001800080041000800098082002100106100002400127245016800151250001200319260004600331300003100377650004300408650006100451650003500512942002600547999001900573952014300592OSt20251120103912.0210716s2011 xx 000 0 und d a9788126531035 cAIMIT LIBRARY aeng a005.761bMUNJ22 aMundy, Joy.9246490 aMicrosoft data warehouse toolkit: bwith sql server 2008 r2 and the microsoft business intelligence toolset /cBy Joy Mundy, Warren Thornthwaite and Ralph Kimball. a2nd ed. aNew Delhi :bWiley India Pvt Ltd ,c2011. axivi,648 p.;bPBc24.5 cm. aDefining business requirements9246491 aDesigning the business process dimensional model9246492 aMaster data management9246493 2ddccBKk005.761 MUNJ c191608d191608 001040708MCAaAIMITbAIMITeKnowledge Worldg569.00l1o005.761 MUNJpMCA11116r2026-05-23 00:00:00s2024-05-21v426.75w2021-07-16yBK